000 00868nam a2200253 i 4500
003 IT-RoINE
005 20220309103013.0
008 220309s2021 sp a||||r|||| 00| |bspa d
020 _a9788413681191
040 _aIT-RoINE
100 1 _aAbraira, Pilar,
_cC.S.
_970973
245 1 0 _aDios sobre todo :
_bvida de la Venerable Madre María Félix : fundadora de la Compañía del Salvador y de los Colegios Mater Salvadoris (1907-2001) /
_cPilar Abraira.
260 _aMadrid :
_bPalabra,
_c2021.
300 _a318 p. ;
_c22 cm.
336 _2rdacontent
_atext
337 _2rdamedia
_aunmediated
338 _2rdacarrier
_avolume
490 1 _aTestimonios
500 _aIncluye cronología.
600 1 4 _aFélix, María‏,
_d1907-2001‏
_xBiografía
_970974
610 2 4 _915450
_aCompañía del Salvador
830 0 _aTestimonios (Palabra)
_970975
942 _cMTS
999 _c36631
_d36631